Les parcs naturels régionaux en France - Images - Statistiques

Statistiques générales
  • Ce quiz a été pris 89 fois
    73 depuis la dernière actualisation
  • Le résultat moyen est 18 sur 54
Statistiques - réponses
Par images Réponse % Correct
Camargue
57%
Vercors
52%
Armorique
50%
Corse
50%
Morvan
50%
Vexin
50%
Marais poitevin
48%
Brenne
46%
Chartreuse
43%
Haut-Jura
43%
Perche
43%
Brière
41%
Gâtinais
41%
Volcans d'Auvergne
41%
Aubrac
39%
Haut-Languedoc
39%
Pilat
39%
Queyras
37%
Verdon
37%
Forêt d'Orient
35%
Guyane
35%
Martinique
35%
Montagne de Reims
35%
Normandie-Maine
35%
Pyrénées ariégeoises
35%
Pyrénées catalanes
35%
Alpilles
33%
Avesnois
33%
Grands Causses
33%
Landes de Gascogne
33%
Lorraine
33%
Luberon
33%
Vosges du Nord
33%
Ardennes
30%
Haute Vallée de Chevreuse
30%
Monts d'Ardèche
30%
Scarpe-Escaut
30%
Loire-Anjou-Touraine
28%
Médoc
28%
Ballons des Vosges
26%
Baronnies provençales
26%
Livradois-Forez
26%
Préalpes d'Azur
26%
Causses du Quercy
24%
Narbonnaise en Méditerranée
24%
Sainte-Baume
24%
Caps et Marais d'Opale
22%
Massif des Bauges
22%
Millevaches en Limousin
22%
Oise-Pays de France
22%
Boucles de la Seine normande
20%
Golfe du Morbihan
20%
Périgord Limousin
20%
Marais du Cotentin et du Bessin
17%
Aucun quiz correspondant
Distribution des résultats
% des personnes avec chaque résultat
Percentile par nombre de réponses
Votre historique - résultats
Vous n’avez pas pris ce quiz depuis la dernière actualisation